|
|
|
|
| LEADER |
00000nam0a2200000 4500 |
| 001 |
273606 |
| 005 |
20231101234639.0 |
| 035 |
|
|
|a (RuTPU)RU\TPU\book\296815
|
| 090 |
|
|
|a 273606
|
| 100 |
|
|
|a 20141028d1987 km y0rusy5003 ca
|
| 101 |
0 |
|
|a rus
|
| 102 |
|
|
|a RU
|
| 105 |
|
|
|a y z 000zy
|
| 200 |
1 |
|
|a Перестройка и новое мышление для нашей страны и для всего мира
|f М. С. Горбачев
|
| 210 |
|
|
|a Москва
|c Изд-во политической лит-ры
|d 1987
|
| 215 |
|
|
|a 271,[1] с.
|
| 606 |
1 |
|
|a Мировая политика
|2 stltpush
|3 (RuTPU)RU\TPU\subj\44089
|9 63463
|
| 606 |
1 |
|
|a Перестройка экономики России
|2 stltpush
|3 (RuTPU)RU\TPU\subj\36599
|9 57922
|
| 606 |
1 |
|
|a Деятели КПСС
|x Произведения
|x После октябрьский период
|2 stltpush
|3 (RuTPU)RU\TPU\subj\9408
|9 36664
|
| 610 |
1 |
|
|a социально-экономическая жизнь
|
| 610 |
1 |
|
|a внешняя политика
|
| 610 |
1 |
|
|a международные отношения
|
| 610 |
1 |
|
|a разоружение
|
| 610 |
1 |
|
|a СССР
|
| 610 |
1 |
|
|a экономические реформы
|
| 610 |
1 |
|
|a новое мышление
|
| 686 |
|
|
|a Ф2(0)
|2 rubbk
|
| 686 |
|
|
|a У9(2)0-961
|2 rubbk
|
| 686 |
|
|
|a Ф61(2)27,012
|2 rubbk
|
| 700 |
|
1 |
|a Горбачев
|b М. С.
|c генеральный секретарь ЦК КПСС
|c 1-й и последний президент СССР
|f 1931-
|g Михаил Сергеевич
|2 stltpush
|3 (RuTPU)RU\TPU\pers\1057
|9 476
|
| 801 |
|
0 |
|a RU
|b RuMRKP
|c 19950417
|g psbo
|
| 801 |
|
1 |
|a RU
|b 63413507
|c 20141028
|
| 801 |
|
2 |
|a RU
|b 63413507
|c 20170113
|g RCR
|
| 942 |
|
|
|c BK
|